El tratado de paz de Trianón desde el punto de vista de la Paz y de la seguridad internacional así como la cooperación entre naciones (Record no. 146254)
[ view plain ]
| 000 -LEADER | |
|---|---|
| campo de control de longitud fija | 00672nam a2200157 i 4500 |
| 001 - NÚMERO DE CONTROL | |
| campo de control | 146254 |
| 003 - IDENTIFICADOR DE NÚMERO DE CONTROL | |
| campo de control | ES-MaACL |
| 005 - FECHA Y HORA DE LA ÚLTIMA TRANSACCIÓN | |
| campo de control | 20230906201452.0 |
| 007 - CAMPO FIJO DE DESCRIPCIÓN FÍSICA--INFORMACIÓN GENERAL | |
| campo de control de longitud fija | t| |
| 008 - DATOS DE LONGITUD FIJA--INFORMACIÓN GENERAL | |
| campo de control de longitud fija | 070905q19201929sp ||||1| spa d |
| 245 03 - MENCIÓN DEL TÍTULO | |
| Título | El tratado de paz de Trianón desde el punto de vista de la Paz y de la seguridad internacional así como la cooperación entre naciones |
| Resto del título | : mensaje de los juristas de Hungría: jueces, profesores de derecho, miembros del Colegio de Abogados, dirigido a los juristas de las naciones civilizadas. |
| 260 ## - PUBLICACIÓN, DISTRIBUCIÓN, ETC. | |
| Lugar de publicación, distribución, etc. | [Madrid : |
| Nombre del editor, distribuidor, etc. | López], |
| Fecha de publicación, distribución, etc. | [192-?] |
| 300 ## - DESCRIPCIÓN FÍSICA | |
| Extensión | 68 p. ; |
| Dimensiones | 23 cm. |
| 630 04 - PUNTO DE ACCESO ADICIONAL DE MATERIA--TÍTULO UNIFORME | |
| Título uniforme | Tratado de Trianon (1920) |
| 9 (RLIN) | 148676 |
| 852 ## - LOCALIZACIÓN | |
| Ubicación | ES-MaACL |
| Número de control de estantería | 1635-F-17 |
| Estatus retirado | Estado de pérdida | Estado de daño | No para préstamo | Colección | Biblioteca de origen | Biblioteca actual | Ubicación en estantería | Fecha de adquisición | Fuente de adquisición | Total de préstamos | Signatura topográfica completa | Código de barras | Visto por última vez | Precio de reemplazo | Tipo de ítem Koha |
|---|---|---|---|---|---|---|---|---|---|---|---|---|---|---|---|
| Colección de folletos | Biblioteca del Ateneo de Madrid | Biblioteca del Ateneo de Madrid | Depósito folletos | 17/01/2008 | 1635-F-17 | 1152654 | 23/02/2023 | 23/02/2023 | Folleto |
